|
|
|
|
| LEADER |
00000nas a2200000 a 4500 |
| 001 |
ssj0017652 |
| 003 |
WaSeSS |
| 005 |
20200512172242.0 |
| 006 |
m d |
| 007 |
cr n |
| 008 |
991222c19969999ja br pss 0 0eng c |
| 010 |
|
|
|a 2008233158
|
| 016 |
7 |
|
|a 1481773-1
|2 DE-600
|
| 022 |
|
|
|a 1437-7772
|l 1341-9625
|y 1341-9625
|
| 035 |
|
|
|a (WaSeSS)ssj0017652
|
| 040 |
|
|
|a VPI
|b eng
|c VPI
|d OCLCQ
|d OCL
|d GUA
|d OCLCS
|d OCLCQ
|d OCLCF
|d OCLCA
|d OCLCQ
|d OCLCO
|d OCLCQ
|d EZC
|d U3W
|d WYU
|d OCLCO
|d AU@
|d OCLCA
|d NJT
|d OCLCO
|d VT2
|d SFB
|d OCLCA
|d OCLCQ
|d CNMTR
|d WaSeSS
|
| 042 |
|
|
|a pcc
|
| 050 |
1 |
4 |
|a RC254.A1
|
| 060 |
0 |
0 |
|a W1
|b IN766DJI
|
| 082 |
0 |
4 |
|a 616.994
|
| 130 |
0 |
|
|a International journal of clinical oncology (Online)
|
| 245 |
1 |
0 |
|a International journal of clinical oncology
|h [electronic resource].
|
| 246 |
1 |
3 |
|a IJCO
|
| 260 |
|
|
|a Tokyo :
|b Japan Society of Clinical Oncology
|
| 310 |
|
|
|a Bimonthly,
|b 1998-
|
| 321 |
|
|
|a Quarterly,
|b -1997
|
| 362 |
1 |
|
|a Print began with vol. 1, no. 1 (May 1996).
|
| 506 |
|
|
|a License restrictions may limit access.
|
| 538 |
|
|
|a Mode of access: World Wide Web.
|
| 588 |
|
|
|a Description based on: Vol. 2, no. 1 (Mar. 1997); title from journal home page (SpringerLink, viewed Feb. 2, 2008).
|
| 588 |
|
|
|a Latest issue consulted: Vol. 12, no. 6 (Dec. 2007) (viewed Feb. 2, 2008).
|
| 650 |
|
0 |
|a Oncology
|v Periodicals.
|
| 650 |
|
0 |
|a Tumors
|v Periodicals.
|
| 650 |
|
7 |
|a Oncology.
|2 fast
|0 (OCoLC)fst01045739
|
| 650 |
|
7 |
|a Tumors.
|2 fast
|0 (OCoLC)fst01158759
|
| 650 |
|
2 |
|a Neoplasms.
|
| 655 |
|
0 |
|a Electronic journals.
|
| 710 |
2 |
|
|a Nihon Gan Chiryō Gakkai.
|
| 776 |
0 |
8 |
|i Print version:
|t International journal of clinical oncology
|x 1341-9625
|w (DLC)sn 97039061
|w (OCoLC)36182604
|
| 856 |
4 |
0 |
|z Full text available from Research Library: 03/01/1997 to 1 year ago
|u https://search.proquest.com/publication/43390
|